عرض عادي عرض مارك
  • Chapman, Stephen J.

مدخل إسم شخص

عدد التسجيلات المستخدمة في: 4

001 - رقم الضبط

  • حقل الضبط: 37966

003 - معرف رقم الضبط

  • حقل الضبط: OSt

005 - تاريخ ووقت أخر عملية

  • حقل الضبط: 20131017102330.0

008 - عناصر بيانات ثابتة الطول

  • حقل تحكم ثابت الطول: 131017|||a|||||| | ||| d

040 ## - مصدر الفهرسة

  • هيئة الفهرسة الأصلية: OSt
  • وكالة الكتابة: OSt

100 ## - مدخل -- أسم شخص

  • إسم شخص: Chapman, Stephen J.

670 ## - بيانات المصدر موجوده

  • الاستشهاد بالمصدر: Work cat.: (OSt)31272: Chapman, Stephen J., MATLAB programming for engineers /, c2008.